ბათუმის შოთა რუსთაველის სახელმწიფო უნივერსიტეტის ბიბლიოთეკა

სოფლის მეურნეობის საფუძვლები. (ბიბ.ჩანაწერი № 44643)

000 -LEADER
fixed length control field 01001nam a2200229Ia 4500
001 - CONTROL NUMBER
control field 11446
003 - CONTROL NUMBER IDENTIFIER
control field GE_BSU
008 - FIXED-LENGTH DATA ELEMENTS--GENERAL INFORMATION
fixed length control field 181216s||||||||xx |||||||||||||| ||und||
040 ## - CATALOGING SOURCE
Transcribing agency GE_BSU
080 ## - UNIVERSAL DECIMAL CLASSIFICATION NUMBER
Universal Decimal Classification number 63(075.8)
100 ## - MAIN ENTRY--PERSONAL NAME
Personal name ა.ათანელაშვილი;ი.დოლიძე;პ.კაჭარავა და სხვ.
245 ## - TITLE STATEMENT
Title სოფლის მეურნეობის საფუძვლები.
245 ## - TITLE STATEMENT
Remainder of title სახელმძღვანელო პედაგოგიური ინ-ტების სტუდენტებისათვის.
245 ## - TITLE STATEMENT
Statement of responsibility, etc. რედ:გ.ნაცვლიშვილი.
250 ## - EDITION STATEMENT
Edition statement მე-2 შესწორ. და გადამუშ. გამოც.
260 ## - PUBLICATION, DISTRIBUTION, ETC.
Place of publication, distribution, etc. თბილისი.
260 ## - PUBLICATION, DISTRIBUTION, ETC.
Name of publisher, distributor, etc. განათლება.
260 ## - PUBLICATION, DISTRIBUTION, ETC.
Date of publication, distribution, etc. 1972.
300 ## - PHYSICAL DESCRIPTION
Extent 538გვ;22სმ.
653 ## - INDEX TERM--UNCONTROLLED
Uncontrolled term სოფლის მეურნეობის საფუძვლები.
942 ## - ADDED ENTRY ELEMENTS (KOHA)
Koha item type წიგნი

არაა ხელმისაწვდომი ეგზემპლარები.